000
00269nam a22001097a 4500
008
170123b xxu||||| |||| 00| 0 eng d
020
_a
9780521542593
041
_a
eng
080
_a
618.2
245
_a
INTRODUCTION TO EMERGENCY MEDICINE
_c
MAHADEVAN, S.V
942
_2
udc
_c
BK
999
_c
3399
_d
3399